A szegedi Dózsa-hagyomány legendája válasz Péter Lászlónak /

Elmentve itt :
Bibliográfiai részletek
Szerző: Kulcsár Péter
Dokumentumtípus: Cikk
Megjelent: 1973
Sorozat:Tiszatáj 27 No. 2
Kulcsszavak:Dózsa György, Hagyomány és folklór
Online Access:http://tiszataj.bibl.u-szeged.hu/7753
LEADER 00630nab a2200181 i 4500
001 tisza7753
005 20200330134024.0
008 170614s1973 hu o 0|| hun d
022 |a 0133-1167 
040 |a SZTE Tiszatáj Archívum  |b hun 
041 |a hun 
100 1 |a Kulcsár Péter 
245 1 2 |a A szegedi Dózsa-hagyomány legendája   |h [elektronikus dokumentum] :  |b válasz Péter Lászlónak /  |c  Kulcsár Péter 
260 |c 1973 
300 |a 66-71 
490 0 |a Tiszatáj  |v 27 No. 2 
695 |a Dózsa György, Hagyomány és folklór 
856 4 0 |u http://tiszataj.bibl.u-szeged.hu/7753/1/tiszataj_1973_002_066-071.pdf  |z Dokumentum-elérés